01765nam a2200409 i 450000100060000000300080000600500170001400600190003100700150005000800410006502000270010603500220013304000310015505000230018608000120020908200160022110000290023724502520026626400500051830000460056833600310061433700330064533800430067850000770072150400290079858800830082759001620091065000420107265000240111465000190113865000280115765500270118570000460121279700180125885600620127699900170133839314FlNmELB20241216221642.0m o u cr cn|||||||||190610s2015 cu ob 000 0 spa d a9789591640895 (e-book) a(OCoLC)1117360623 aFINmELBbspaerdacFINmELB14aQA76.27bS456 2015 a004(07)04a004.0712231 aSegura Montero, Josué.10aDesarrollo de la habilidad modelar multimedia durante el proceso de enseñanza-aprendizaje de la informática en el Joven Club de Computación y Electrónica /cautor: MSc. Josué Segura Montero ; tutor: Dr.C. Walfredo González Hernández. 1aLa Habana :bUniversidad de La Habana,c2015. a1 recurso en línea (vii, 207 páginas) atextobtxt2rdacontent/spa acomputadorabc2rdamedia/spa arecurso en líneabcr2rdacarrier/spa aTesis (Doctor en Ciencias Pedagógicas)--Universidad de Matanzas, 2015. aContiene bibliografía. aDescripción basada en metadatos suministrados por el editor y otras fuentes. aRecurso electrónico. Santa Fe, Arg.: elibro, 2019. Disponible vía World Wide Web. El acceso puede estar limitado para las bibliotecas afiliadas a elibro. 0aComputer sciencexStudy and teaching. 0aMultimedia systems. 4aInformática. 4aEnseñanza multimedia. 4aLibros electrónicos.1 aGonzález Hernández, Walfredo,etutor.2 aelibro, Corp.40uhttps://elibro.net/ereader/politecnicointernacional/94733 c39314d39314